[Event "9th TCh-BIH Premier"]
[Site "Bihac BIH"]
[Date "2010.06.09"]
[Round "5"]
[White "Ivanisevic,I"]
[Black "Stavnjak,L"]
[Result "1-0"]
[WhiteElo "2630"]
[BlackElo "2245"]

1.d4 Nf6 2.c4 e6 3.Nc3 Bb4 4.Qc2 O-O 5.e4 Bxc3+ 6.bxc3 d6 7.Bd3 e5 8.Ne2 Nc6
9.O-O Nh5 10.f4 Nxf4 11.Nxf4 exf4 12.Bxf4 Ne7 13.Rae1 Ng6 14.Bg3 Be6 15.Re3 Qg5
16.Qf2 Rae8 17.c5 Qd8 18.cxd6 cxd6 19.h4 h5 20.Rb1 Re7 21.Rb5 Bg4 22.Rd5 Re6
23.e5 Ne7 24.Rxd6 Rxd6 25.exd6 Nd5 26.Re5 Nf6 27.c4 Qxd6 28.Rxh5 Qa3 29.Rg5 Qxd3
30.Qxf6  1-0

[Event "4th Open"]
[Site "Varna BUL"]
[Date "2010.06.16"]
[Round "5"]
[White "Subbotsky,M"]
[Black "Abdulla,K"]
[Result "1-0"]
[WhiteElo "1954"]
[BlackElo "2183"]

1.d4 Nf6 2.c4 e6 3.Nc3 Bb4 4.Qc2 O-O 5.a3 Bxc3+ 6.Qxc3 d6 7.Nf3 b6 8.e3 Bb7
9.b4 Nbd7 10.Bb2 Ne4 11.Qc2 f5 12.Bd3 c5 13.O-O Ng5 14.Nxg5 Qxg5 15.e4 f4
16.f3 cxd4 17.Bxd4 e5 18.Bf2 Rf6 19.Rfd1 Rg6 20.Bf1 Qh5 21.Qb3 Kh8 22.Rac1 Rh6
23.h3 Qg5 24.c5 Rxh3 25.Qe6 Rxf3 26.c6 Bxc6 27.Rxc6 Nf8 28.Rc8 Rxf2 29.Rxa8  1-0

[Event "Open"]
[Site "Eforie Nord ROU"]
[Date "2010.06.19"]
[Round "2"]
[White "Vioreanu,B"]
[Black "Florescu,C"]
[Result "1-0"]
[WhiteElo "2418"]
[BlackElo "2132"]

1.d4 Nf6 2.c4 e6 3.Nc3 Bb4 4.Qc2 O-O 5.e4 d5 6.e5 Ne4 7.Bd3 c5 8.cxd5 exd5
9.Ne2 Nc6 10.O-O cxd4 11.Nxd5 Qxd5 12.Bxe4 Qxe5 13.Bxh7+ Kh8 14.Bf4 Qf6 15.Be4 Bg4
16.Qd3 Rfe8 17.f3 Bd7 18.Rac1 a6 19.Rfd1 Rac8 20.a3 Bf8 21.Bg3 Qh6 22.Bf2 Bd6
23.g3 Bb8 24.Nxd4 Ba7 25.Rc3 Nxd4 26.Bxd4 Bb5 27.Qc2 Bxd4+ 28.Rxd4 Rxc3 29.Qxc3 Kg8
30.a4 Qb6 31.Kg2 Bc6 32.Qb4 Qa7 33.a5 Bxe4 34.fxe4 Rc8 35.Kf3 Rc2 36.h3 Kh7
37.e5 Qc5 38.Qxc5 Rxc5 39.Ke4 Rxa5 40.Rd7 Kg6 41.Rxb7 f6 42.exf6 Kxf6 43.Rb6+ Kf7
44.Kd4 Ra1 45.Kc4 a5 46.Rb3 Ra2 47.Kc3 Ra1 48.Ra3 Rh1 49.Rxa5 Rxh3 50.Rf5+ Ke6
51.Rf3 Kd5 52.b4 Rh1 53.Rf5+ Ke6 54.Rg5 Kf6 55.Rg4 g5 56.b5 Kf5 57.Rd4 Rh3
58.Rd3 Ke4 59.Kc4 Rh8 60.Rd4+ Ke3 61.Rd3+ Ke4 62.Rb3 Rc8+ 63.Kb4 Kd5 64.b6 g4
65.b7  1-0

[Event "Sveins Minneturnering"]
[Site "Oslo NOR"]
[Date "2010.06.19"]
[Round "2"]
[White "Nomat,E"]
[Black "Tari,A"]
[Result "0-1"]
[WhiteElo "1808"]
[BlackElo "1997"]

1.d4 Nf6 2.c4 e6 3.Nc3 Bb4 4.Qc2 O-O 5.a3 Bxc3+ 6.bxc3 d5 7.e3 c5 8.Nf3 Nbd7
9.Bd3 b6 10.cxd5 exd5 11.O-O h6 12.Bb2 Bb7 13.Qe2 Qe7 14.c4 Rac8 15.cxd5 Bxd5
16.a4 c4 17.Bf5 Rfe8 18.Ba3 Qd8 19.Rfc1 g6 20.Bc2 Qc7 21.h3 Qb7 22.Rab1 Ne4
23.Bb4 Ndf6 24.Be1 Nd6 25.Bb4 Nfe4 26.Ne5 Nf5 27.g4 Nh4 28.Be1 Ng5 29.Kh2 Ngf3+
30.Kg3 Qc7 31.e4 Rxe5 32.Qxf3 Rf5+ 33.Kxh4 Rxf3  0-1

[Event "Open"]
[Site "Eforie Nord ROU"]
[Date "2010.06.20"]
[Round "4"]
[White "Vioreanu,B"]
[Black "Postolachi,V"]
[Result "1-0"]
[WhiteElo "2418"]
[BlackElo "2142"]

1.d4 Nf6 2.c4 e6 3.Nc3 Bb4 4.Qc2 O-O 5.e4 c5 6.dxc5 Bxc3+ 7.bxc3 Qa5 8.Rb1 Qxc5
9.Rb5 Qc6 10.e5 Ne4 11.Bd3 f5 12.exf6 Nxf6 13.Rg5 d6 14.c5 dxc5 15.Nf3 Nbd7
16.O-O Re8 17.Re1 b6 18.Bf4 c4 19.Bxh7+ Nxh7 20.Qg6 Re7 21.Nd4 Qa4 22.Qe4 Rb8
23.Nf5 Re8 24.Rxg7+ Kh8 25.Rxh7+  1-0

[Event "Open"]
[Site "Eforie Nord ROU"]
[Date "2010.06.20"]
[Round "4"]
[White "Turov,M"]
[Black "Peptan,C"]
[Result "1-0"]
[WhiteElo "2624"]
[BlackElo "2416"]

1.d4 Nf6 2.c4 e6 3.Nc3 Bb4 4.Qc2 O-O 5.a3 Bxc3+ 6.Qxc3 b6 7.Bg5 Bb7 8.e3 d6
9.Ne2 Nbd7 10.Qc2 c5 11.Rd1 h6 12.Bh4 d5 13.cxd5 exd5 14.Nc3 Qe7 15.Bb5 Qe6
16.O-O c4 17.Qe2 a6 18.Ba4 b5 19.Bc2 Rfe8 20.Rfe1 Bc6 21.f3 a5 22.b4 cxb3
23.Bxb3 b4 24.axb4 axb4 25.Na2 Ba4 26.Rb1 Reb8 27.Qd2 Qb6 28.Rec1 Qb5 29.Bxf6 Nxf6
30.Bxa4 Qxa4 31.Nxb4 Rc8 32.Nd3 Rxc1+ 33.Qxc1 Qa2 34.Ne5 Qe2 35.Rb2 Qa6 36.Qb1 Qa3
37.Kf2 Qd6 38.Rb7 Rf8 39.g4 Qa3 40.h4 Qd6 41.Qb4 Qa6 42.Rb8 Rc8 43.Qb7 Qa2+
44.Kg3 Rxb8 45.Qxb8+ Kh7 46.Nxf7  1-0

[Event "Sveins Minneturnering"]
[Site "Oslo NOR"]
[Date "2010.06.22"]
[Round "9"]
[White "Thingstad,E"]
[Black "Urkedal,F"]
[Result "0-1"]
[WhiteElo "2144"]
[BlackElo "2420"]

1.d4 Nf6 2.c4 e6 3.Nc3 Bb4 4.Qc2 O-O 5.a3 Bxc3+ 6.Qxc3 b6 7.Bg5 Bb7 8.e3 c5
9.Ne2 d6 10.Rd1 h6 11.Bh4 Qe7 12.Qc2 Nbd7 13.Nc3 cxd4 14.Rxd4 Rfd8 15.Be2 Ne5
16.O-O Ng6 17.Bg3 e5 18.Rd2 d5 19.cxd5 Nxd5 20.Nxd5 Rxd5 21.Rxd5 Bxd5 22.Rd1 Qb7
23.Bf1 Rc8 24.Qd2 Bb3 25.Rc1 Rxc1 26.Qxc1 Qd5 27.Qc7 Qd1 28.Bxe5 Ba4 29.Qd6 Qb1
30.Qd8+ Kh7 31.Qd3 Bc2  0-1

[Event "Open"]
[Site "Eforie Nord ROU"]
[Date "2010.06.26"]
[Round "10"]
[White "Turova,I"]
[Black "Gajewski,G"]
[Result "0-1"]
[WhiteElo "2394"]
[BlackElo "2572"]

1.d4 Nf6 2.c4 e6 3.Nc3 Bb4 4.Qc2 O-O 5.a3 Bxc3+ 6.Qxc3 d6 7.f3 d5 8.Bg5 Re8
9.e3 h6 10.Bh4 Nbd7 11.cxd5 exd5 12.Bf2 b6 13.Bd3 c5 14.Ne2 Bb7 15.O-O Rc8
16.Qd2 Nf8 17.Rae1 Ne6 18.Nc3 Nh5 19.b4 Qg5 20.h4 Qd8 21.bxc5 bxc5 22.dxc5 Nxc5
23.Bf5 Rc6 24.Rd1 g6 25.Bb1 Rd6 26.e4 Ne6 27.exd5 Nef4 28.Ba2 g5 29.Ne4 Rg6
30.Be3 Ba6 31.Rf2 Nd3 32.Bb1 Nxf2 33.Nxf2 Rg7 34.hxg5 hxg5 35.Ng4 Qd6 36.Bxg5 Re2
37.Re1 Ng3 38.Nf6+ Kh8 39.Rxe2 Nxe2+ 40.Kh1 Ng3+ 41.Kg1 Qb6+  0-1

[Event "King's Gambit A"]
[Site "Lipetsk RUS"]
[Date "2010.06.26"]
[Round "4"]
[White "Zontakh,A"]
[Black "Lomako,P"]
[Result "1-0"]
[WhiteElo "2532"]
[BlackElo "2431"]

1.d4 Nf6 2.c4 e6 3.Nc3 Bb4 4.Qc2 O-O 5.e4 d5 6.e5 Ne4 7.Bd3 c5 8.Nf3 cxd4
9.Nxd4 Nd7 10.Bf4 Ndc5 11.O-O Nxd3 12.Qxd3 Bxc3 13.bxc3 b6 14.cxd5 Qxd5 15.Rfd1 Bb7
16.c4 Qd8 17.f3 Nc5 18.Qe3 Qh4 19.Nb5 h6 20.Nd6 Bc6 21.Rd4 Qh5 22.Bg3 Qg5
23.Qe2 f5 24.exf6 Rxf6 25.Rg4 Qh5 26.Qe5 Qxe5 27.Bxe5 Kf8 28.Bxf6 gxf6 29.Rg6 Rd8
30.Rd1 Ba4 31.Rd2 f5 32.Rxh6 Kg7 33.Rh4 Rg8 34.Nb5 a6 35.Nd4 Kf6 36.f4 Ne4
37.Rd3 Rd8 38.Rh7 Kg6 39.Rdh3  1-0

[Event "King's Gambit A"]
[Site "Lipetsk RUS"]
[Date "2010.06.29"]
[Round "7"]
[White "Gladyszev,O"]
[Black "Slugin,S"]
[Result "1/2-1/2"]
[WhiteElo "2480"]
[BlackElo "2439"]

1.d4 Nf6 2.c4 e6 3.Nc3 Bb4 4.Qc2 O-O 5.a3 Bxc3+ 6.Qxc3 d5 7.e3 b6 8.Nf3 Bb7
9.Be2 Nbd7 10.b3 c5 11.O-O Rc8 12.Bb2 dxc4 13.bxc4 cxd4 14.exd4 Qc7 15.Rac1 Rfd8
16.Rfe1 Qf4 17.Qe3 Qxe3 18.fxe3 Ne4 19.Red1  1/2-1/2

[Event "ch-SWE Mastarklassen"]
[Site "Lund SWE"]
[Date "2010.07.03"]
[Round "1"]
[White "Hultin,P"]
[Black "Penalver,O"]
[Result "1-0"]
[WhiteElo "2105"]
[BlackElo "2288"]

1.d4 Nf6 2.c4 e6 3.Nc3 Bb4 4.Qc2 O-O 5.e4 c5 6.e5 cxd4 7.a3 dxc3 8.axb4 cxb2
9.Bxb2 Ne8 10.Bd3 g6 11.Nf3 Nc6 12.Qd2 Kg7 13.O-O h5 14.b5 Nb8 15.Rfd1 a6
16.Qf4 a5 17.Ba3 d6 18.exd6 Nd7 19.c5 Qf6 20.Qe3 Qc3 21.Rdc1 Qb3 22.Rcb1 Qd5
23.Be4 Qc4 24.Nd2  1-0

[Event "ROC Nova College GpA"]
[Site "Haarlem NED"]
[Date "2010.07.04"]
[Round "5"]
[White "Ris,R"]
[Black "Swinkels,R"]
[Result "1/2-1/2"]
[WhiteElo "2423"]
[BlackElo "2483"]

1.d4 Nf6 2.c4 e6 3.Nc3 Bb4 4.Qc2 O-O 5.e4 d5 6.e5 Ne4 7.Bd3 c5 8.Ne2 Nc6
9.O-O cxd4 10.cxd5 exd5 11.Nxd5 Qxd5 12.Bxe4 Qxe5 13.Bxh7+ Kh8 14.Bf4 Qf6
15.Be4 Re8 16.f3 Kg8 17.Bg3 Be6 18.Nf4 Rac8 19.Nxe6 fxe6 20.Rad1 Ba5 21.Qb3 Bb6
22.f4 Na5 23.Qb5 Nc4 24.f5 Ne3 25.Qd3 Nxd1 26.Qxd1 Rf8 27.Bd3 exf5 28.Qh5 g6
29.Qh3 Rfe8 30.Bh4 Qd6 31.Bg3 Qf6 32.Bh4 Qd6 33.Bg3 Qe6 34.Bf4 Re7 35.b3 Rc3
36.Bd2 Rh7 37.Qf3 Qd6 38.Bf4 Qc6 39.Qe2 Bc7 40.Bc4+ Kh8 41.Be5+ Bxe5 42.Qxe5+ Rg7
43.Rf4 g5 44.Rxf5 Re3 45.Qxd4 Qb6 46.Rc5 Re1+ 47.Kf2 Re8 48.b4 Qxb4 49.Rxg5 Qe1+
50.Kf3 Qe3+ 51.Qxe3 Rxe3+ 52.Kxe3 Rxg5 53.g3 Kg7 54.Kf4 Rc5 55.Bb3 a5 56.Ke4 a4
57.Bd5 b5 58.Kd4 Rc2 59.h4 b4 60.Kd3 Rc3+ 61.Kd2 Rxg3 62.Kc2 Rc3+ 63.Kb1 Kg6
64.Be6 Kh5 65.Bd7 a3 66.Bf5 Kxh4 67.Ka1 Kg3 68.Be4 Kf4 69.Bg6 Ke3 70.Bh7 Kd2
71.Bg6 Rc6 72.Bh7 Kc1 73.Be4 Rd6 74.Bf5 Rd2 75.Bg6 Re2 76.Bh7 Re1 77.Bb1 Re7
78.Bg6 Kd2 79.Bb1 Kc3 80.Bf5 Rg7 81.Bb1 b3 82.axb3 Kb4 83.Ba2 Rg2 84.Bb1 Re2
85.Ba2 Rf2 86.Bb1 a2 87.Bxa2 Ka3 88.Bb1 Kb4 89.Bd3 Rd2 90.Bc4 Kc3 91.Kb1 Rb2+
92.Kc1 Rxb3 93.Bxb3 Kxb3  1/2-1/2

[Event "Sparkassen Open"]
[Site "Nettetal GER"]
[Date "2010.07.04"]
[Round "2"]
[White "Egel,Amos"]
[Black "Franco Alonso,A"]
[Result "0-1"]
[WhiteElo "2001"]
[BlackElo "2480"]

1.d4 Nf6 2.c4 e6 3.Nc3 Bb4 4.Qc2 O-O 5.a3 Bxc3+ 6.Qxc3 b6 7.Bg5 Ba6 8.Qf3 Nc6
9.e3 Na5 10.Rc1 c5 11.b4 cxb4 12.axb4 Nxc4 13.Bxc4 Rc8 14.e4 Bxc4 15.Ne2 h6
16.Bh4 g5 17.Bg3 d5 18.e5 Ne4 19.Nc3 Qe7 20.Nxe4 dxe4 21.Qc3 Ba6  0-1

[Event "ch-Paris Int"]
[Site "Paris FRA"]
[Date "2010.07.04"]
[Round "2"]
[White "Manoeuvre,A"]
[Black "Kunte,A"]
[Result "1/2-1/2"]
[WhiteElo "2271"]
[BlackElo "2521"]

1.d4 Nf6 2.c4 e6 3.Nc3 Bb4 4.Qc2 O-O 5.a3 Bxc3+ 6.Qxc3 d6 7.f3 c5 8.dxc5 dxc5
9.Nh3 Nc6 10.Nf2 e5 11.e3 Bf5 12.Bd2 a5 13.Be2 Qe7 14.O-O h5 15.Rad1 e4 16.f4 Rfd8
17.Bc1 Rxd1 18.Rxd1 Rd8 19.b3 Rxd1+ 20.Bxd1 Ng4 21.Bb2 f6 22.h3 Nxf2 23.Kxf2 h4
24.Bc2 Qd8 25.Kg1 Bg6 26.Qe1 f5 27.Qc3 Qd7 28.Qe1 Qd8 29.Qc3 Qd7 30.Qe1 Qd8
31.Qc3 Qe7 32.Bd1 Be8 33.Bc2 Bd7 34.Bd1 Be6 35.Bh5 Kh7 36.Be8 Bd7 37.Bh5 Be6
38.Be8 Bd7 39.Bh5 Be6  1/2-1/2

[Event "ch-Paris Int"]
[Site "Paris FRA"]
[Date "2010.07.08"]
[Round "6"]
[White "Feller,S"]
[Black "Sethuraman,S"]
[Result "1-0"]
[WhiteElo "2611"]
[BlackElo "2513"]

1.d4 Nf6 2.c4 e6 3.Nc3 Bb4 4.Qc2 O-O 5.e4 d5 6.e5 Ne4 7.a3 Bxc3+ 8.bxc3 c5
9.Bb2 Nc6 10.O-O-O cxd4 11.cxd4 f5 12.f3 Ng5 13.h4 Nf7 14.Kb1 Na5 15.cxd5 exd5
16.Nh3 Bd7 17.Nf4 Rc8 18.Qf2 Qb6 19.Nxd5 Qe6 20.Nf4 Qb6 21.Qe1 Ba4 22.Rc1 Nb3
23.Rc4 Rxc4 24.Bxc4 Rc8 25.Be6 Rc1+ 26.Qxc1 Nxc1 27.Rxc1 g6 28.Rc8+ Kg7 29.Bxf7 Bd7
30.Nd5 Qb5 31.Rc7 Kxf7 32.Nf6  1-0

[Event "Summer IM"]
[Site "Aarhus DEN"]
[Date "2010.07.12"]
[Round "3"]
[White "Lahlum,H"]
[Black "Berg,K"]
[Result "0-1"]
[WhiteElo "2230"]
[BlackElo "2423"]

1.d4 Nf6 2.c4 e6 3.Nc3 Bb4 4.Qc2 O-O 5.a3 Bxc3+ 6.Qxc3 d5 7.Bg5 c5 8.cxd5 cxd4
9.Qxd4 Nc6 10.Qc3 exd5 11.Bxf6 gxf6 12.Nf3 d4 13.Qd2 Re8 14.Rd1 Bf5 15.Nxd4 Nxd4
16.Qxd4 Qxd4 17.Rxd4 Rac8 18.f3 Rc2 19.Rd2 Rxd2 20.Kxd2 Rd8+ 21.Ke3 Rc8 22.g4 Be6
23.Kd3 Bc4+ 24.Kd4 Bb5 25.e4 Rc1 26.Bg2 Rc2 27.Rg1 Rxb2 28.Kc3 Ra2 29.Kb4 Bc6
30.h4 Rf2 31.Kc4 Kf8 32.Kc5 Ke7 33.Kd4 Ra2 34.g5 Rxa3 35.Bh1 Ra2 36.gxf6+ Kxf6
37.Bg2 a5 38.f4 Ke7 39.Bf3 a4 40.Bh5 a3 41.Kc4 Rh2 42.Kd4  0-1

[Event "FSGM July"]
[Site "Budapest HUN"]
[Date "2010.07.12"]
[Round "10"]
[White "Vera Gonzalez Quevedo,R"]
[Black "Pap,G"]
[Result "1/2-1/2"]
[WhiteElo "2499"]
[BlackElo "2503"]

1.d4 Nf6 2.c4 e6 3.Nc3 Bb4 4.Qc2 O-O 5.a3 Bxc3+ 6.Qxc3 d5 7.e3 b6 8.b4 c5
9.dxc5 bxc5 10.Bb2 cxb4 11.axb4 dxc4 12.Bxc4 Bb7 13.Nf3 Nbd7 14.Be2 Qb6 15.O-O Rab8
16.Rfc1 Rfc8 17.Qd4 Rxc1+ 18.Rxc1 Bxf3 19.gxf3 Qxb4 20.Rc8+ Nf8 21.Qxb4 Rxb4
22.Bd4 Nd7 23.f4 a5 24.Ra8 Rb8 25.Ra7 Nf6 26.h4 h6 27.h5 Rd8 28.Bf3 Nd5 29.Ba1 Nh7
30.Bxd5 exd5 31.Rxa5 Nf8 32.Kf1 Ne6 33.f5 Nc7 34.f6 Ne8 35.fxg7 Nxg7 36.Bf6 Rd6
37.Be5 Rd7 38.Ra6 Nxh5 39.Rxh6 Ng7 40.Rh3 Re7 41.Bf6 Re6 42.Rh6 Re4 43.Ke2 Rg4
44.Kf3 Re4 45.Bd4 Re6 46.Bf6 Re4 47.Ke2 Rg4 48.Kd3 Re4 49.Kc3 Rc4+ 50.Kb3 Re4
51.Kc3 Rc4+ 52.Kb3 Re4 53.Ka3 Rg4 54.f4 Rg3 55.Bd4  1/2-1/2

[Event "Aegean Open"]
[Site "Agios Kirykos GRE"]
[Date "2010.07.14"]
[Round "2"]
[White "Enchev,I"]
[Black "Markantonaki,H"]
[Result "1-0"]
[WhiteElo "2441"]
[BlackElo "2129"]

1.d4 Nf6 2.c4 e6 3.Nc3 Bb4 4.Qc2 O-O 5.a3 Bxc3+ 6.Qxc3 d5 7.Nf3 dxc4 8.Qxc4 b6
9.g3 Bb7 10.Bg2 Nbd7 11.b4 Rc8 12.O-O Bd5 13.Qd3 c5 14.dxc5 bxc5 15.Be3 Be4
16.Qa6 Qb6 17.Qa4 Qb7 18.bxc5 Nxc5 19.Qb4 Nfd7 20.Rac1 a5 21.Qxb7 Bxb7 22.Rfd1 h6
23.Rb1 Be4 24.Rb5 a4 25.Rb4 Bd5 26.Nd2 Bxg2 27.Kxg2 Rb8 28.Rdb1 Rxb4 29.Rxb4 Ra8
30.Nb1 f6 31.Nc3 Kf7 32.Rc4 Ra5 33.h4 h5 34.Kf1 Ke7 35.Ke1 e5 36.f3 Ke6 37.Bd2 g6
38.Kd1 Ra8 39.Kc2 Ra5 40.e4 Ra8 41.Nd5 Rb8 42.Bb4 Rc8 43.Nc3 Rc7 44.Nxa4 Na6
45.Kb3 g5 46.Rxc7 Nxc7 47.Kc4 gxh4 48.gxh4 Nb8 49.Nc5+ Kf7 50.Ba5 Ne8 51.Kd5 Ke7
52.Bb6 Nd7 53.Nxd7 Kxd7 54.a4 Nd6 55.a5 Nc8 56.Bc5 Kc7 57.a6 Kb8 58.Kc6 Ka8
59.Kc7 Na7 60.Bxa7  1-0

[Event "ZDMI Open"]
[Site "Dresden GER"]
[Date "2010.07.14"]
[Round "5"]
[White "Iljin,A"]
[Black "Moiseenko,A1"]
[Result "1/2-1/2"]
[WhiteElo "2546"]
[BlackElo "2667"]

1.d4 Nf6 2.c4 e6 3.Nc3 Bb4 4.Qc2 O-O 5.a3 Bxc3+ 6.Qxc3 d5 7.Bg5 dxc4 8.Qxc4 b6
9.Rd1 Ba6 10.Qc2 Nbd7 11.e4 Bxf1 12.Kxf1 Qc8 13.Ne2 c5 14.f3 cxd4 15.Nxd4 Qxc2
16.Nxc2 Rfc8  1/2-1/2

[Event "2nd Open"]
[Site "Rethymno GRE"]
[Date "2010.07.14"]
[Round "2"]
[White "Maiorov,N1"]
[Black "Herbold,M"]
[Result "1-0"]
[WhiteElo "2532"]
[BlackElo "2172"]

1.d4 e6 2.c4 Nf6 3.Nc3 Bb4 4.Qc2 O-O 5.a3 Bxc3+ 6.Qxc3 Nc6 7.e3 d6 8.Bd3 e5
9.Ne2 Re8 10.d5 e4 11.Bc2 Ne7 12.b3 c6 13.dxc6 d5 14.cxb7 Bxb7 15.c5 Nf5
16.Bb2 Nh4 17.O-O-O Ng6 18.Nd4 Rc8 19.Nb5 Re6 20.Nxa7 Ra8 21.Nb5 Rc8 22.Nd4 Re8
23.f4 exf3 24.gxf3 Qe7 25.b4 Qxe3+ 26.Qxe3 Rxe3 27.Rhe1  1-0

[Event "2nd Open"]
[Site "Rethymno GRE"]
[Date "2010.07.15"]
[Round "4"]
[White "Rychagov,A"]
[Black "Sargissian,G"]
[Result "1/2-1/2"]
[WhiteElo "2538"]
[BlackElo "2673"]

1.d4 Nf6 2.c4 e6 3.Nc3 Bb4 4.Qc2 O-O 5.a3 Bxc3+ 6.Qxc3 d5 7.Nf3 dxc4 8.Qxc4 b6
9.Bg5 Ba6 10.Qa4 c5 11.e3 Bxf1 12.Kxf1 Nbd7 13.Ke2 cxd4 14.Qxd4 Qc8 15.Bxf6 Nxf6
16.Rac1 Qb7 17.Rhd1  1/2-1/2

[Event "33rd Taminco Open"]
[Site "Ghent BEL"]
[Date "2010.07.17"]
[Round "2"]
[White "Vandenberghe,J"]
[Black "Shchekachev,A"]
[Result "0-1"]
[WhiteElo "2004"]
[BlackElo "2546"]

1.d4 Nf6 2.c4 e6 3.Nc3 Bb4 4.Qc2 O-O 5.Bg5 c5 6.e3 h6 7.Bh4 cxd4 8.exd4 Be7
9.Nf3 d5 10.cxd5 Nxd5 11.Bxe7 Nxe7 12.Bc4 Bd7 13.O-O Bc6 14.Be2 Bxf3 15.Bxf3 Nbc6
16.Bxc6 bxc6 17.Rfd1 Qa5 18.Na4 Rfd8 19.Nc5 Rd5 20.Qc3 Qb6 21.b4 Rad8 22.Rd3 Qb8
23.Rad1 Rh5 24.h3 Nd5 25.Qb2 Nxb4 26.Rb3 Rxc5 27.Rxb4 Rb5 28.Rxb5 cxb5 29.Rb1 a6
30.Rc1 Qd6 31.Rd1 Qd5 32.f4 Rc8 33.Qa3 Rc2  0-1

[Event "Aegean Open"]
[Site "Agios Kirykos GRE"]
[Date "2010.07.18"]
[Round "6"]
[White "Pappas,A"]
[Black "Megalios,K"]
[Result "0-1"]
[WhiteElo "2080"]
[BlackElo "1896"]

1.c4 Nf6 2.Nc3 e6 3.d4 Bb4 4.Qc2 O-O 5.a3 Bxc3+ 6.Qxc3 Ne4 7.Qc2 f5 8.g3 b6
9.Bg2 Bb7 10.Nf3 Nf6 11.O-O Be4 12.Qc3 d6 13.Ne1 Bxg2 14.Kxg2 Nbd7 15.Nd3 Qe8
16.b3 e5 17.dxe5 dxe5 18.Bb2 Ne4 19.Qc2 Qe6 20.f3 Ng5 21.Qc3 Rae8 22.h4 Nf7
23.Nf4 Qh6 24.Nd5 c6 25.Ne3 f4 26.Ng4 Qg6 27.gxf4 exf4 28.h5 Qg5 29.Rg1 Nh6
30.Kf1 Nf5 31.Rd1 Re7 32.e4 Ng3+ 33.Kf2 Qxg4 34.fxg4 Nxe4+ 35.Kf3 Nxc3  0-1

[Event "Aegean Open"]
[Site "Agios Kirykos GRE"]
[Date "2010.07.18"]
[Round "6"]
[White "Nikolov,Mo"]
[Black "Moradiabadi,E"]
[Result "0-1"]
[WhiteElo "2552"]
[BlackElo "2571"]

1.d4 Nf6 2.c4 e6 3.Nc3 Bb4 4.Qc2 O-O 5.a3 Bxc3+ 6.Qxc3 d6 7.f3 d5 8.Bg5 h6
9.Bh4 Nbd7 10.e3 Re8 11.cxd5 exd5 12.Bf2 Nf8 13.Bd3 c5 14.Qxc5 Ne6 15.Qc3 Nf4
16.Be2 Nxg2+ 17.Kf1 Nxe3+ 18.Bxe3 Bf5 19.Qd2 Nh5 20.Rc1 Qf6 21.Rc3 Re6 22.Ke1 Rae8
23.Kd1 Rc6 24.Rxc6 Qxc6 25.h4 Qe6 26.Bf2 Rc8 27.Bd3 Bxd3 28.Qxd3 Nf4 29.Qd2 Qf5
30.Ne2 Qb1+ 31.Nc1 Nd3 32.Ke2 Nxc1+ 33.Ke3 Re8+ 34.Kf4 Nd3+ 35.Kg3 Qxh1 36.Qxd3 Re6  0-1

[Event "XIV Battle Of Senta"]
[Site "Senta SRB"]
[Date "2010.07.18"]
[Round "3"]
[White "Tancik,K"]
[Black "Radovanovic,D"]
[Result "0-1"]
[WhiteElo "2258"]
[BlackElo "2369"]

1.d4 Nf6 2.c4 e6 3.Nc3 Bb4 4.Qc2 O-O 5.a3 Bxc3+ 6.Qxc3 b6 7.Bg5 Ba6 8.Qf3 Nc6
9.e3 Na5 10.Rc1 c5 11.d5 exd5 12.Bxf6 Qxf6 13.Qxf6 gxf6 14.cxd5 Bxf1 15.Kxf1 Rfe8
16.Ne2 Re5 17.Nf4 Nb3 18.Rc3 c4 19.Ke2 b5 20.Rd1 d6 21.Kf3 Nc5 22.Rc2 Kf8
23.g3 Na4 24.Ne2 Nb6 25.Nc3 a6 26.Rd4 f5 27.Rcd2 Rc8 28.Na2 a5 29.Nc3 Rc5
30.Kg2 b4 31.axb4 axb4 32.Na2 Rb5 33.Rh4 Re4 34.Rxh7 Nxd5 35.Rh8+ Ke7 36.Ra8 b3
37.Rxd5 Rxd5 38.Nc3 Rd2 39.Rc8 d5 40.Na4 Rxe3  0-1

[Event "Aegean Open"]
[Site "Agios Kirykos GRE"]
[Date "2010.07.20"]
[Round "8"]
[White "Pappas,A"]
[Black "Markantonaki,H"]
[Result "0-1"]
[WhiteElo "2080"]
[BlackElo "2129"]

1.d4 Nf6 2.c4 e6 3.Nc3 Bb4 4.Qc2 O-O 5.a3 Bxc3+ 6.Qxc3 b6 7.f3 d5 8.Bg5 h6
9.Bh4 Bb7 10.cxd5 exd5 11.e3 Re8 12.Bf2 c5 13.Bb5 Nc6 14.Ne2 c4 15.b3 cxb3
16.Bxc6 Rc8 17.Qxb3 Rxc6 18.O-O Ba6 19.Qa4 Qc8 20.Rfc1 Bc4 21.Rc3 b5 22.Qc2 a5
23.Rb1 Qa8 24.Ng3 Rb8 25.e4 b4 26.axb4 axb4 27.Qb2 bxc3 28.Qxb8+ Qxb8 29.Rxb8+ Kh7
30.e5 c2 31.Be3 Ng8 32.Nf5 Bd3 33.Rxg8 Bxf5 34.Rd8 c1=Q+ 35.Bxc1 Rxc1+ 36.Kf2 Be6
37.g4 Rc2+ 38.Kg3 g5 39.h4 Rc4  0-1

[Event "Corporation Centre Cup"]
[Site "Izhevsk RUS"]
[Date "2010.07.21"]
[Round "7"]
[White "Savina,A"]
[Black "Tunik,G"]
[Result "1-0"]
[WhiteElo "2392"]
[BlackElo "2469"]

1.d4 Nf6 2.c4 e6 3.Nc3 Bb4 4.Qc2 O-O 5.Nf3 d6 6.a3 Bxc3+ 7.Qxc3 b6 8.e3 Bb7
9.Be2 Nbd7 10.b4 Ne4 11.Qc2 Ng5 12.Bb2 Nxf3+ 13.gxf3 Qh4 14.c5 bxc5 15.dxc5 dxc5
16.Rd1 Rfd8 17.Rg1 f6 18.bxc5 Qxh2 19.Rg3 Ne5 20.Bd4 Bc6 21.f4 Ng6 22.f5 exf5
23.Qxf5 Qh4 24.Kd2 Qe4 25.Bc4+ Kf8 26.Qxe4 Bxe4 27.Kc3 Ne7 28.Rdg1 Bg6 29.c6 Ke8
30.e4 a6 31.Bc5 Rab8 32.f4 Nxc6 33.f5 Ne5 34.fxg6 hxg6 35.Bxa6 Nd7 36.Bb4 Rb6
37.Bc4 Ra8 38.Rh3  1-0

[Event "Open A"]
[Site "Oberwart AUT"]
[Date "2010.07.21"]
[Round "9"]
[White "Loidl,F"]
[Black "Kessler,Mi"]
[Result "1-0"]
[WhiteElo "2209"]
[BlackElo "2047"]

1.d4 Nf6 2.c4 e6 3.Nc3 Bb4 4.Qc2 O-O 5.Bg5 b6 6.a3 Bxc3+ 7.Qxc3 Bb7 8.f3 c5
9.e3 cxd4 10.Qxd4 d5 11.cxd5 Bxd5 12.e4 Bb7 13.Qe3 Nc6 14.Rd1 Qe7 15.e5 Rfd8
16.Rxd8+ Rxd8 17.exf6 gxf6 18.Bh4 Qd6 19.Bxf6 Qd1+ 20.Kf2 Rd2+ 21.Ne2 Rd5
22.Qh6  1-0

[Event "3rd Open"]
[Site "Paleochora GRE"]
[Date "2010.07.22"]
[Round "2"]
[White "Maiorov,N1"]
[Black "Kazakos,E"]
[Result "1-0"]
[WhiteElo "2532"]
[BlackElo "2054"]

1.d4 e6 2.c4 Nf6 3.Nc3 Bb4 4.Qc2 O-O 5.a3 Bxc3+ 6.Qxc3 b6 7.Bg5 Bb7 8.f3 h6
9.Bh4 d6 10.e3 Nbd7 11.Bd3 Rc8 12.Ne2 c5 13.Qb3 d5 14.cxd5 Bxd5 15.Qd1 cxd4
16.Nxd4 Ne5 17.Ba6 Bc4 18.Bxc4 Rxc4 19.O-O Ng6 20.Bf2 Qd7 21.Qb3 Rfc8 22.Rfd1 Qa4
23.Qxa4 Rxa4 24.Nb5 a6 25.Nd6 Rc2 26.Rab1 Nd5 27.Rdc1 Rxc1+ 28.Rxc1 Ne5 29.Rc8+ Kh7
30.e4 Nf4 31.Bxb6 Kg6 32.Kf1 Kf6 33.Rc2 Ke7 34.Nc8+ Kf6 35.Be3 Nfd3 36.g3 Ng6
37.Nb6 Ra5 38.f4 Ne7 39.Ke2 Nxb2 40.Bd4+ Kg6 41.Bxb2 Rb5 42.Nc4  1-0

[Event "TCh-MNE Premier League"]
[Site "Cetinje MNE"]
[Date "2010.07.24"]
[Round "1"]
[White "Djukanovic,S"]
[Black "Milanovic,Sla"]
[Result "0-1"]
[WhiteElo "2290"]
[BlackElo "2370"]

1.d4 e6 2.c4 Nf6 3.Nc3 Bb4 4.Qc2 O-O 5.e4 Bxc3+ 6.bxc3 d6 7.e5 dxe5 8.dxe5 Nfd7
9.Nf3 h6 10.h4 Nc6 11.Bf4 Qe7 12.Rh3 f5 13.exf6 Qxf6 14.Be3 e5 15.Bd3 Nc5
16.Bh7+ Kh8 17.Rg3 Ne6 18.Be4 Nf4 19.Bxf4 exf4 20.Rg6 Nb4 21.cxb4 Qxa1+ 22.Ke2 Re8  0-1

[Event "TCh-MNE Premier League"]
[Site "Cetinje MNE"]
[Date "2010.07.25"]
[Round "2"]
[White "Drasko,M"]
[Black "Lekic,D"]
[Result "1-0"]
[WhiteElo "2505"]
[BlackElo "2400"]

1.d4 Nf6 2.c4 e6 3.Nc3 Bb4 4.Qc2 O-O 5.a3 Bxc3+ 6.Qxc3 b6 7.Bg5 Bb7 8.f3 d5
9.e3 h6 10.Bh4 Nbd7 11.Nh3 c5 12.cxd5 cxd4 13.Qxd4 e5 14.Qd1 Bxd5 15.Nf2 Qe7
16.Qxd5 Nxd5 17.Bxe7 Nxe7 18.Ne4 Nd5 19.Rd1 N7f6 20.Nxf6+ Nxf6 21.Ba6 Rfd8
22.Ke2 Kf8 23.Rc1 Rd6 24.Rc2 Rad8 25.Rhc1 Nd5 26.Rc8 f5 27.Rxd8+ Rxd8 28.Bb7 Ke7
29.Rc4 g5 30.g3 Rd6 31.e4 fxe4 32.Rxe4 Ke6 33.Rc4 Ne7 34.Be4 a5 35.Rc7 Rd7
36.Rxd7 Kxd7 37.Kd3 b5 38.Ke3 Kd6 39.Bd3 b4 40.Ke4 bxa3 41.bxa3 Ke6 42.Bc4+ Kf6
43.Bd3 h5 44.Bb5 Nf5 45.Bd7 Nd4 46.f4 gxf4 47.gxf4 Nc2 48.fxe5+ Ke7 49.Bb5 Nxa3
50.Bd3 h4 51.Kd5 h3 52.e6 a4 53.Ke5  1-0

[Event "3rd Open"]
[Site "Paleochora GRE"]
[Date "2010.07.26"]
[Round "6"]
[White "Maiorov,N1"]
[Black "Contin,D"]
[Result "1-0"]
[WhiteElo "2532"]
[BlackElo "2307"]

1.d4 Nf6 2.c4 e6 3.Nc3 Bb4 4.Qc2 O-O 5.a3 Bxc3+ 6.Qxc3 b6 7.Nf3 Bb7 8.e3 Ne4
9.Qc2 d6 10.Be2 Nd7 11.O-O c5 12.b4 f5 13.Ne1 Qh4 14.Nf3 Qe7 15.Bb2 Rad8
16.Rad1 Ng5 17.Nxg5 Qxg5 18.d5 exd5 19.Bf3 Nf6 20.Bxf6 Qxf6 21.g3 Rf7 22.Bxd5 Bxd5
23.Rxd5 g6 24.Rfd1 Rc7 25.R1d3 Kg7 26.h3 Qe6 27.Rd2 Qf6 28.Qa4 Kh6 29.bxc5 bxc5
30.Qa6 Rb8 31.Qxd6 Rb1+ 32.Rd1 Qxd6 33.Rxd6 Rcb7 34.Rxb1 Rxb1+ 35.Kg2 Rc1
36.Ra6 Rxc4 37.Kf3 Kg5 38.Rxa7 h5 39.Rc7 h4 40.g4 Rc2 41.a4 Ra2 42.Rxc5 Rxa4
43.Rd5 Rb4 44.Kg2 Ra4 45.Rb5 Rc4 46.f4+ Kf6 47.Rb6+ Kg7 48.Rb7+ Kf6 49.g5+ Ke6
50.Rh7 Kd5 51.Kf3 Rc1 52.Rxh4 Rf1+ 53.Ke2 Rh1 54.Rh8 Ke4 55.Re8+ Kd5 56.Rd8+ Ke6
57.Rf8 Rxh3 58.Rf6+ Kd5 59.Rxg6 Kc4 60.Rc6+  1-0

[Event "Brunei Inv IM"]
[Site "Bandar Seri Begawan BRU"]
[Date "2010.07.29"]
[Round "8"]
[White "Vakhidov,N"]
[Black "Sukandar,I"]
[Result "1/2-1/2"]
[WhiteElo "2134"]
[BlackElo "2311"]

1.d4 Nf6 2.c4 e6 3.Nc3 Bb4 4.Qc2 O-O 5.Bg5 c5 6.e3 d6 7.a3 Bxc3+ 8.Qxc3 Nbd7
9.Ne2 b6 10.Qc2 Bb7 11.Rd1 Qe7 12.Nc3 Rac8 13.d5 a6 14.a4 Rfe8 15.Be2 h6
16.Bh4 exd5 17.cxd5 c4 18.Rd4 Rc5 19.Bxc4 Rec8 20.Qe2 Ne5 21.Bb3 Ng6 22.Bg3 Qd7
23.O-O Re8 24.h3 Ne7 25.e4 Nf5 26.Rd3 a5 27.Rd2 Nxg3 28.fxg3  1/2-1/2